Eastern Utah Libraries Catalog: Duchesne, Heber, Roosevelt, & Vernal

Ghost / (Record no. 304057)

MARC details
000 -LEADER
fixed length control field 06450cgm a2201225Ia 4500
001 - CONTROL NUMBER
control field ocm84915075
003 - CONTROL NUMBER IDENTIFIER
control field OCoLC
005 - DATE AND TIME OF LATEST TRANSACTION
control field 20200320205402.0
007 - PHYSICAL DESCRIPTION FIXED FIELD--GENERAL INFORMATION
fixed length control field vd cvaizk
008 - FIXED-LENGTH DATA ELEMENTS--GENERAL INFORMATION
fixed length control field 070223s2007 cau126 g vleng d
019 ## -
-- 302291679
-- 731284461
-- 732944782
-- 965591038
-- 971967133
-- 987994482
-- 988533078
-- 1003785541
020 ## - INTERNATIONAL STANDARD BOOK NUMBER
International Standard Book Number 1415727651
020 ## - INTERNATIONAL STANDARD BOOK NUMBER
International Standard Book Number 9781415727652
020 ## - INTERNATIONAL STANDARD BOOK NUMBER
Terms of availability 15.95
024 10 - OTHER STANDARD IDENTIFIER
Standard number or code 097361207445
024 1# - OTHER STANDARD IDENTIFIER
Standard number or code 097361397948
024 1# - OTHER STANDARD IDENTIFIER
Standard number or code 883929304103
024 1# - OTHER STANDARD IDENTIFIER
Standard number or code 032429257024
028 42 - PUBLISHER NUMBER
Publisher number 12074
Source Paramount Home Entertainment
028 42 - PUBLISHER NUMBER
Publisher number 59159948000
Source Paramount Home Entertainment
035 ## - SYSTEM CONTROL NUMBER
System control number (OCoLC)84915075
Canceled/invalid control number (OCoLC)302291679
-- (OCoLC)731284461
-- (OCoLC)732944782
-- (OCoLC)965591038
-- (OCoLC)971967133
-- (OCoLC)987994482
-- (OCoLC)988533078
-- (OCoLC)1003785541
037 ## - SOURCE OF ACQUISITION
Source of stock number/acquisition Midwest Tape
Note http://www.midwesttapes.com
040 ## - CATALOGING SOURCE
Original cataloging agency TEFMT
Language of cataloging eng
Transcribing agency TEFMT
Modifying agency MR0
-- TEF
-- BTCTA
-- OCLCQ
-- JED
-- VP@
-- CQU
-- OCLCA
-- OCLCQ
-- TXHLC
-- EYP
-- OCLCO
-- TXBXL
-- OCLCQ
-- VPI
-- OCLCA
-- OCLCQ
-- OCLCO
-- OCLCA
-- P4I
-- OCLCO
-- OCLCA
-- NRS
-- OCLCO
-- OCLCF
-- OCLCO
-- OCLCQ
-- OCLCO
-- TDS
-- TEFMT
-- TXWBR
-- OCLCO
-- OCL
-- OCLCO
-- TXWAL
-- WACOL
041 1# - LANGUAGE CODE
Language code of text/sound track or separate title eng
-- fre
-- eng
Language code of original and/or intermediate translations of text eng
043 ## - GEOGRAPHIC AREA CODE
Geographic area code n-us-ny
049 ## - LOCAL HOLDINGS (OCLC)
Holding library WACL
050 14 - LIBRARY OF CONGRESS CALL NUMBER
Classification number PN1995.9.S87
Item number G4678 2007
082 04 - DEWEY DECIMAL CLASSIFICATION NUMBER
Classification number 791.43/72
Edition number 22
092 ## - LOCALLY ASSIGNED DEWEY CALL NUMBER (OCLC)
Classification number DVD
Item number Gho
130 0# - MAIN ENTRY--UNIFORM TITLE
Uniform title Ghost (Motion picture)
9 (RLIN) 5953052
245 10 - TITLE STATEMENT
Title Ghost /
Statement of responsibility, etc Paramount Pictures presents a Howard W. Koch production ; a Jerry Zucker film ; produced by Lisa Weinstein ; written by Bruce Joel Rubin ; directed by Jerry Zucker.
250 ## - EDITION STATEMENT
Edition statement Special collector's ed.
260 ## - PUBLICATION, DISTRIBUTION, ETC. (IMPRINT)
Place of publication, distribution, etc Hollywood, Calif. :
Name of publisher, distributor, etc Paramount Home Entertainment,
Date of publication, distribution, etc [2007]
300 ## - PHYSICAL DESCRIPTION
Extent 1 videodisc (126 min.) :
Other physical details sound, color ;
Dimensions 4 3/4 in.
336 ## - Content Type
Content type term two-dimensional moving image
337 ## - Media type
Media type term video
338 ## - Carrier type
Carrier type term videodisc
538 ## - SYSTEM DETAILS NOTE
System details note DVD, region 1, widescreen (enhanced) presentation; Dolby Digital 5.1 surround, Dolby Digital 2.0 stereo., surround, NTSC.
546 ## - LANGUAGE NOTE
Language note English (Dolby 5.1, Dolby 2.0) or French (Dolby 2.0) dialogue, English subtitles; closed-captioned.
511 1# - PARTICIPANT OR PERFORMER NOTE
Participant or performer note Patrick Swayze, Demi Moore, Whoopi Goldberg, Tony Goldwyn.
508 ## - CREATION/PRODUCTION CREDITS NOTE
Creation/production credits note Director of photography, Adam Greenberg ; editor, Walter Murch ; music, Maurice Jarre ; costume designer, Ruth Morley ; production designer, Jane Musky.
500 ## - GENERAL NOTE
General note Originally produced as a motion picture in 1990.
521 8# - TARGET AUDIENCE NOTE
Target audience note MPAA rating: PG-13.
520 ## - SUMMARY, ETC.
Summary, etc A man killed during a robbery gone wrong remains on Earth as a ghost because of his love for his girlfriend. He teams up with a psychic to uncover the truth behind his murder, and to rescue his sweetheart from a similar fate.
500 ## - GENERAL NOTE
General note Special features: Commentary by director Jerry Zucker and writer Bruce Joel Rubin; "'Ghost' stories:" the making of a classic; inside the paranormal; alchemy of a love scene; cinema's great romances; theatrical trailer; photo gallery.
586 8# - AWARDS NOTE
Awards note Academy Award (USA), 1991: Best Supporting Actress (Whoopi Goldberg) ; Best Screenplay Written Directly for the Screen (Bruce Joel Rubin).
505 0# - FORMATTED CONTENTS NOTE
Formatted contents note Special features: Commentary by director Jerry Zucker and writer Bruce Joel Rubin -- Ghost stories: the making of a classic -- Inside the paranormal -- Alchemy of a love scene -- Cinema's great romances -- Theatrical trailer -- Photo gallery -- Language: English 5.1 surround ; Engoish 2.0 surround ; French 2.0 surround -- Subtitles: English.
650 #0 - SUBJECT ADDED ENTRY--TOPICAL TERM
Topical term or geographic name as entry element Ghost plays.
9 (RLIN) 5718405
650 #0 - SUBJECT ADDED ENTRY--TOPICAL TERM
Topical term or geographic name as entry element Love
Form subdivision Drama.
9 (RLIN) 5705469
650 #0 - SUBJECT ADDED ENTRY--TOPICAL TERM
Topical term or geographic name as entry element Psychics
Form subdivision Drama.
9 (RLIN) 5741801
650 #0 - SUBJECT ADDED ENTRY--TOPICAL TERM
Topical term or geographic name as entry element Supernatural
Form subdivision Drama.
9 (RLIN) 5679230
650 #0 - SUBJECT ADDED ENTRY--TOPICAL TERM
Topical term or geographic name as entry element Murder victims
Form subdivision Drama.
9 (RLIN) 5953053
650 #0 - SUBJECT ADDED ENTRY--TOPICAL TERM
Topical term or geographic name as entry element Murder victims' families
Form subdivision Drama.
9 (RLIN) 5953054
650 #4 - SUBJECT ADDED ENTRY--TOPICAL TERM
Topical term or geographic name as entry element French language materials.
9 (RLIN) 5953055
650 #7 - SUBJECT ADDED ENTRY--TOPICAL TERM
Topical term or geographic name as entry element Ghost plays.
Source of heading or term fast
-- (OCoLC)fst00942390
9 (RLIN) 5718405
650 #7 - SUBJECT ADDED ENTRY--TOPICAL TERM
Topical term or geographic name as entry element Love.
Source of heading or term fast
-- (OCoLC)fst01002769
9 (RLIN) 5953056
650 #7 - SUBJECT ADDED ENTRY--TOPICAL TERM
Topical term or geographic name as entry element Murder victims.
Source of heading or term fast
-- (OCoLC)fst01029809
9 (RLIN) 5953057
650 #7 - SUBJECT ADDED ENTRY--TOPICAL TERM
Topical term or geographic name as entry element Murder victims' families.
Source of heading or term fast
-- (OCoLC)fst01029816
9 (RLIN) 5953058
650 #7 - SUBJECT ADDED ENTRY--TOPICAL TERM
Topical term or geographic name as entry element Psychics.
Source of heading or term fast
-- (OCoLC)fst01081230
9 (RLIN) 5953059
650 #7 - SUBJECT ADDED ENTRY--TOPICAL TERM
Topical term or geographic name as entry element Supernatural.
Source of heading or term fast
-- (OCoLC)fst01138960
9 (RLIN) 5953060
650 #8 - SUBJECT ADDED ENTRY--TOPICAL TERM
Topical term or geographic name as entry element Ghosts
Form subdivision Drama.
9 (RLIN) 5953061
650 #8 - SUBJECT ADDED ENTRY--TOPICAL TERM
Topical term or geographic name as entry element Love
Form subdivision Drama.
9 (RLIN) 5705469
650 #8 - SUBJECT ADDED ENTRY--TOPICAL TERM
Topical term or geographic name as entry element Psychics
Form subdivision Drama.
9 (RLIN) 5741801
650 #8 - SUBJECT ADDED ENTRY--TOPICAL TERM
Topical term or geographic name as entry element Supernatural
Form subdivision Drama.
9 (RLIN) 5679230
650 #8 - SUBJECT ADDED ENTRY--TOPICAL TERM
Topical term or geographic name as entry element Murder victims
Form subdivision Drama.
9 (RLIN) 5953053
650 #8 - SUBJECT ADDED ENTRY--TOPICAL TERM
Topical term or geographic name as entry element Murder victims' families
Form subdivision Drama.
9 (RLIN) 5953054
650 #1 - SUBJECT ADDED ENTRY--TOPICAL TERM
Topical term or geographic name as entry element Love
Form subdivision Drama.
9 (RLIN) 5705469
650 #1 - SUBJECT ADDED ENTRY--TOPICAL TERM
Topical term or geographic name as entry element Supernatural
Form subdivision Drama.
9 (RLIN) 5679230
655 #0 - INDEX TERM--GENRE/FORM
Genre/form data or focus term Thrillers (Motion pictures, television, etc.)
9 (RLIN) 5692404
655 #4 - INDEX TERM--GENRE/FORM
Genre/form data or focus term Feature films.
9 (RLIN) 5953062
655 #4 - INDEX TERM--GENRE/FORM
Genre/form data or focus term Fiction films.
9 (RLIN) 5674705
655 #4 - INDEX TERM--GENRE/FORM
Genre/form data or focus term Video recordings for the hearing impaired.
9 (RLIN) 5953063
655 #4 - INDEX TERM--GENRE/FORM
Genre/form data or focus term Romance fiction.
9 (RLIN) 5683255
655 #7 - INDEX TERM--GENRE/FORM
Genre/form data or focus term Feature films.
Source of term gsafd
9 (RLIN) 5953062
655 #7 - INDEX TERM--GENRE/FORM
Genre/form data or focus term Suspense films.
Source of term gsafd
9 (RLIN) 102762
655 #7 - INDEX TERM--GENRE/FORM
Genre/form data or focus term Love stories.
Source of term gsafd
9 (RLIN) 5953064
655 #7 - INDEX TERM--GENRE/FORM
Genre/form data or focus term Feature films.
Source of term lcgft
9 (RLIN) 5953062
655 #7 - INDEX TERM--GENRE/FORM
Genre/form data or focus term Detective and mystery films.
Source of term lcgft
9 (RLIN) 5674335
655 #7 - INDEX TERM--GENRE/FORM
Genre/form data or focus term Romance films.
Source of term lcgft
9 (RLIN) 5675183
655 #7 - INDEX TERM--GENRE/FORM
Genre/form data or focus term Video recordings for the hearing impaired.
Source of term lcgft
9 (RLIN) 5953063
655 #7 - INDEX TERM--GENRE/FORM
Genre/form data or focus term Fiction films.
Source of term lcgft
9 (RLIN) 5674705
655 #7 - INDEX TERM--GENRE/FORM
Genre/form data or focus term Romance fiction.
Source of term lcgft
9 (RLIN) 5683255
655 #7 - INDEX TERM--GENRE/FORM
Genre/form data or focus term Thriller
Form subdivision Feature.
Source of term migfg
9 (RLIN) 5692409
655 #7 - INDEX TERM--GENRE/FORM
Genre/form data or focus term Romance
Form subdivision Feature.
Source of term migfg
9 (RLIN) 5714821
655 #7 - INDEX TERM--GENRE/FORM
Genre/form data or focus term Crime
Form subdivision Feature.
Source of term migfg
9 (RLIN) 5756605
655 #7 - INDEX TERM--GENRE/FORM
Genre/form data or focus term Drama.
Source of term fast
-- (OCoLC)fst01423879
9 (RLIN) 5673873
655 #7 - INDEX TERM--GENRE/FORM
Genre/form data or focus term Feature films.
Source of term fast
-- (OCoLC)fst01710384
9 (RLIN) 5953062
655 #7 - INDEX TERM--GENRE/FORM
Genre/form data or focus term Thrillers (Motion pictures)
Source of term fast
-- (OCoLC)fst01726193
9 (RLIN) 5953065
655 #7 - INDEX TERM--GENRE/FORM
Genre/form data or focus term Video recordings for the hearing impaired.
Source of term fast
-- (OCoLC)fst01710450
9 (RLIN) 5953063
700 1# - ADDED ENTRY--PERSONAL NAME
Personal name Swayze, Patrick.
Relator code act
9 (RLIN) 32503
700 1# - ADDED ENTRY--PERSONAL NAME
Personal name Moore, Demi.
Relator code act
9 (RLIN) 60164
700 1# - ADDED ENTRY--PERSONAL NAME
Personal name Goldberg, Whoopi,
Dates associated with a name 1955-
Relator code act
9 (RLIN) 5766118
700 1# - ADDED ENTRY--PERSONAL NAME
Personal name Goldwyn, Tony.
Relator code act
9 (RLIN) 63475
700 1# - ADDED ENTRY--PERSONAL NAME
Personal name Weinstein, Lisa.
Relator code pro
9 (RLIN) 5953066
700 1# - ADDED ENTRY--PERSONAL NAME
Personal name Koch, Howard W.,
Titles and other words associated with a name Jr.,
Dates associated with a name 1916-2001.
Relator code pro
9 (RLIN) 5953067
700 1# - ADDED ENTRY--PERSONAL NAME
Personal name Rubin, Bruce Joel.
Relator code aus
9 (RLIN) 34904
700 1# - ADDED ENTRY--PERSONAL NAME
Personal name Zucker, Jerry.
Relator code drt
9 (RLIN) 61743
710 2# - ADDED ENTRY--CORPORATE NAME
Corporate name or jurisdiction name as entry element Paramount Pictures Corporation.
9 (RLIN) 7712
710 2# - ADDED ENTRY--CORPORATE NAME
Corporate name or jurisdiction name as entry element Paramount Home Entertainment (Firm)
9 (RLIN) 72161
938 ## -
-- Baker and Taylor
-- BTCP
-- be2007004456
942 ## - ADDED ENTRY ELEMENTS (KOHA)
Koha item type DVD
948 ## - LOCAL PROCESSING INFORMATION (OCLC); SERIES PART DESIGNATOR (RLIN)
Series part designator, SPT (RLIN) 10/06/2017
z (OCLC) Sirsi
994 ## -
-- C0
-- WACOL
996 ## -
-- 144895
-- 34301001502584
-- DVD
-- DVD
-- wcl
-- i
-- 10
-- 15.95
-- amazon
-- Gho
-- 10/06/2017
-- 01/30/2020
-- 01/23/2020
Holdings
Withdrawn status Lost status Source of classification or shelving scheme Damaged status Not for loan Collection code Home library Current library Shelving location Date acquired Source of acquisition Cost, normal purchase price Total Checkouts Total Renewals Full call number Barcode Date last seen Date checked out Cost, replacement price Price effective from Koha item type
    Dewey Decimal Classification     Movies Wasatch County Library Wasatch County Library Audio Visual Area 10/06/2017 Amazon 15.95 17 7 DVD Gho 34301001502584 02/09/2026 01/28/2026 15.95 03/20/2020 DVD
This project was made possible through a grant from the Institute of Museum and Library Service administered by the Utah State Library Division.

Wasatch County Library

  • 465 East 1200 South, Heber City, Utah 84032
  • Phone 435-654-1511 | Fax 435-654-6456

Hours

  • Monday - Friday 9:30 AM - 8:00 PM
  • Saturday 9:30 AM - 1:30 PM
  • Closed Sundays and Holidays